000 00816nam a2200205 a 4500
003 0
005 20250523110002.0
008 021202s19uu xx 00 eng d
050 _aPGS LB 1065
_b.J83 2001
100 _aJose, Jonrae M.
245 _aThe effects of text messaging on the academic performance of grade six students of Southville International School /
_cJose, Jonrae M.
260 _aLas PiƱas City, Philippines :
_bSouthville International School and Colleges,
_c2001.
300 _a44 pages :
_bcolored illustrations ;
_c28 cm.
504 _aIncludes bibliographical references.
650 _aAcademic achievement.
650 _aText messaging (Cell phone systems).
650 _aCell phones
_vSocial aspects.
650 _aStudents
_vEffect of information technology on.
942 _2lcc
_cPASS
999 _c96524
_d96524